[Event "Piestany op"]
[Site "Piestany"]
[Date "2009.07.29"]
[Round "5"]
[White "Horcak, Pavol"]
[Black "Liptak, Dusan"]
[Result "1/2-1/2"]
[WhiteElo "1748"]
[BlackElo "1919"]
[PlyCount "35"]
[EventDate "2009.07.26"]
[EventType "swiss"]
[EventRounds "7"]
[EventCountry "SVK"]
[SourceTitle "EXT 2010"]
[Source "ChessBase"]
[SourceDate "2010.11.25"]
[SourceVersion "1"]
[SourceVersionDate "2010.11.25"]
[SourceQuality "1"]

1. d4 Nf6 2. c4 e6 3. Nf3 c5 4. e3 a6 5. Bd3 Nc6 6. 0-0 cxd4 7. exd4 d5 8. cxd5 Nxd5 9. Nc3 Be7 10. Nxd5 Qxd5 11. Re1 Qh5 12. Be3 0-0 13. Rc1 Nb4 14. Bb1 Nd5 15. a3 b5 16. Ne5 Qxd1 17. Rexd1 Bd6 18. Be4 1/2-1/2

[Event "Piestany op"]
[Site "Piestany"]
[Date "2009.07.28"]
[Round "4"]
[White "Kvassay, Peter"]
[Black "Horcak, Pavol"]
[Result "1-0"]
[WhiteElo "2066"]
[BlackElo "1748"]
[PlyCount "47"]
[EventDate "2009.07.26"]
[EventType "swiss"]
[EventRounds "7"]
[EventCountry "SVK"]
[SourceTitle "EXT 2010"]
[Source "ChessBase"]
[SourceDate "2010.11.25"]
[SourceVersion "1"]
[SourceVersionDate "2010.11.25"]
[SourceQuality "1"]

1. e4 c5 2. Nf3 d6 3. d4 cxd4 4. c3 dxc3 5. Nxc3 e6 6. Bc4 Be7 7. 0-0 a6 8. Qe2 b5 9. Bb3 Bb7 10. Rd1 Nd7 11. Bf4 Nb6 12. Rac1 h6 13. Nd4 Bg5 14. Nxe6 fxe6 15. Qh5+ Ke7 16. Bxd6+ Qxd6 17. Rxd6 Kxd6 18. Rd1+ Ke7 19. h4 Nf6 20. Qg6 Rag8 21. hxg5 hxg5 22. e5 Rh6 23. exf6+ Kf8 24. Rd8# 1-0

[Event "Piestany op"]
[Site "Piestany"]
[Date "2009.07.27"]
[Round "2"]
[White "Kutny, Marian1111"]
[Black "Horcak, Pavol"]
[Result "0-1"]
[WhiteElo "1433"]
[BlackElo "1748"]
[PlyCount "70"]
[EventDate "2009.07.26"]
[EventType "swiss"]
[EventRounds "7"]
[EventCountry "SVK"]
[SourceTitle "EXT 2010"]
[Source "ChessBase"]
[SourceDate "2010.11.25"]
[SourceVersion "1"]
[SourceVersionDate "2010.11.25"]
[SourceQuality "1"]

1. e4 c5 2. Nc3 a6 3. Nf3 d6 4. Be2 Nc6 5. Bc4 e6 6. d4 cxd4 7. Nxd4 Nf6 8. Bg5 Be7 9. Nxc6 bxc6 10. 0-0 0-0 11. Qf3 Qc7 12. Rfe1 Bb7 13. Qh3 e5 14. Be3 d5 15. Bd3 Bc8 16. g4 Bxg4 17. Qg2 Qd7 18. exd5 cxd5 19. Rad1 Bxd1 20. Rxd1 Qg4 21. Qxg4 Nxg4 22. Nxd5 Bh4 23. Nc7 Nxe3 24. fxe3 Rad8 25. Nxa6 e4 26. Be2 Rxd1+ 27. Bxd1 Rd8 28. Bg4 Rd2 29. Nb4 Bf2+ 30. Kh1 Bxe3 31. a4 Rd4 32. c3 Rd2 33. b3 g6 34. a5 f5 35. Bh3 Rd1+ 0-1